Générique des Winx (saison 4) - Statistiques

Statistiques générales
  • Ce quiz a été pris 242 fois
  • Le résultat moyen est 81 sur 128
Statistiques - réponses
Réponse % Correct
Winx
94%
Winx
94%
Winx
94%
Winx
94%
de
83%
Nous
83%
nous
83%
la
81%
la
81%
magie
79%
magie
79%
le
77%
Toujours
74%
toujours
74%
des
73%
et
73%
Et
73%
pouvoir
71%
Ce
70%
revoici
70%
revoici
70%
un
70%
amies
69%
ensemble
66%
C'est
63%
on
63%
l'amour
62%
luttons
62%
dans
61%
Believix
59%
du
58%
vous
58%
fées
57%
lumière
56%
réalité
56%
Tu
56%
tu
56%
Club
55%
donne
55%
Donne
55%
donne
55%
dont
54%
va
53%
Chaque
52%
Si
52%
devient
51%
main
51%
qui
51%
s'amuser
51%
vit
51%
au
50%
conte
50%
Loin
50%
moi
50%
monde
50%
notre
50%
ton
50%
ciel
48%
destin
48%
Grâce
48%
jours
48%
rêvez
48%
crois
47%
coeur
46%
est
45%
merveille
45%
triomphera
45%
Avec
44%
bas
44%
bleu
43%
mal
43%
y
43%
couleurs
42%
d'ici
42%
ombres
42%
car
41%
découvriras
39%
d'entre
38%
deviendras
37%
L'une
37%
t'envoleras
37%
forge
32%
Aucun quiz correspondant
Distribution des résultats
% des personnes avec chaque résultat
Percentile par nombre de réponses
Votre historique - résultats
Vous n’avez pas pris ce quiz